Music Quiz

Random Music or Popular Quiz

Songs Done Twice Quiz Stats

 Plays Quiz Updated Dec 10, 2018

     
Support Sporcle.
Go Orange.
Score 0/32 Timer 10:00
0 Plays Today
Original Song % Correct
The EurythmicsSweet Dreams
63.7%
Dolly PartonI Will Always Love You
54%
The MonkeesI'm a Believer
49.7%
Richie ValensLa Bamba
47.7%
Roberta FlackKilling Me Softly
47.3%
Bob DylanAll Along The Watchtower
47.1%
The Guess WhoAmerican Woman
47.1%
Gloria JonesTainted Love
45.9%
Nine Inch NailsHurt
45.7%
Gloria GaynorI Will Survive
43.7%
Bob MarleyI Shot The Sheriff
43.2%
CCRProud Mary
36.4%
Fleetwood MacLandslide
36.3%
Roy OrbisonOh, Pretty Woman
35.2%
Neil DiamondRed Red Wine
33.8%
Johnny CashRing of Fire
31.5%
Original Song % Correct
WingsLive and Let Die
30.3%
Carl PerkinsBlue Suede Shoes
26%
David BowieThe Man Who Sold The World
25.4%
The BeatlesCome Together
25.3%
Stevie WonderHigher Ground
23%
SladeCum On Feel The Noize
21.3%
The Isley BrothersTwist and Shout
21%
Tears for FearsMad World
18.9%
Bill WithersLean On Me
18.2%
Rolling StonesSatisfaction
15.5%
LeAnn RimesHow Do I Live
15%
Simon and GarfunkelHazy Shade of Winter
13.6%
Willie Nelson and/or Elvis PresleyAlways On My Mind
12.9%
The CommodoresEasy
12%
Eric CarmenAll By Myself
11.1%
Johnny NashI Can See Clearly Now
10.4%

From the Vault

Movie Liars

by katesutton

Movies 8m
Warning: Pants in this quiz are highly flammable.
Remove Ads.
Support Sporcle.
Get the best of Sporcle when you Go Orange. This ad-free experience offers more features, more stats, and more fun while also helping to support Sporcle. Thank you for becoming a member.

Show Comments

Extras

Top Quizzes Today


Score Distribution

Your Account Isn't Verified!

In order to create a playlist on Sporcle, you need to verify the email address you used during registration. Go to your Sporcle Settings to finish the process.

Report this User

Report this user for behavior that violates our Community Guidelines.

Details: